000 00654cam a22002172 4500
001 0000005106
005 20170406120347.0
008 141203s xx 000 0 eng d
020 _a9781853902413 :
_c$
040 _aYour Holding Symbol
_cYour Holding Symbol
245 1 0 _aCATECHISM OF THE CATHOLIC CHURCH.
250 _a ed.
260 _aIreland :
_bVeritas,
_c1994.
300 _a691 p. :
_bill ;
_c cm.
504 _aIncludes Index.
591 _a2006
_bDonation
_cArrupe
650 0 _aChristian Denominations.
908 _a141203
999 _c4910
_d4910